000 01146nas a2200361 4500
001 BR2013007867
003 BR-BrBNA
005 20231205123015.0
007 ta
008 230509b bl.|||p| |||| 00| 00por d
040 _aBR-BrBNA
_bpor
_cBiblioteca Nacional de Agricultura
041 _a(Pt)
072 _aP33
100 1 _aRosa Filho, G.
100 1 _aCarvalho, M. de P. e
100 1 _aAndreotti, M.
100 1 _aMontanari, R.
100 1 _aBinotti, F.F. da
100 1 _aGioia, M.T.
245 1 _aVariabilidade da produtividade da soja em função de atributos físicos de um latossolo vermelho distroférrico sob plantio direto
650 _aSOJA
650 _aPLANTIO DIRETO
650 _aPRODUTIVIDADE
650 _aINTEGRAÇÃO
650 _aAGRICULTURA
650 _aPECUÁRIA
650 _aFÍSICA DO SOLO
650 _aAGRICULTURA DE PRECISÃO
773 0 _tRevista Brasileira de Ciência do Solo (Brazil)
_xISSN 0100-0683
_g(Mar-Apr 2009), v. 33(2) p. 283-293
_wBR2013007867
856 4 0 _uhttp://www.scielo.br/pdf/rbcs/v33n2/06.pdf
909 _a202311
_bLúcia
_c55
_dLúcia Elande
942 _2AGRIS
_n0
_cANA
999 _c231735
_d231735